000 00691nam a2200241Ia 4500
005 20220316235706.0
008 121119s2001 ck grl 000 0 spa
020 _a9583503703
041 0 _aspa
082 0 4 _aR 343.077
_bC64C
110 1 _aColombia
_921445
243 0 0 _aLeyes, etc.
245 1 0 _aCódigo de minas
_bley 685 de 2001
250 _aPrimera edición
300 _a300 páginas
_c17 cm
650 1 4 _aDerecho minero
_xLegislación
_zColombia
_2LEMB
942 _2ddc
_cREF
264 _aBogotá
_bTemis
_c[2001?]
336 _atexto
_btxt
_2rdacontent
337 _asin mediación
_bn
_2rdamedia
338 _avolumen
_bnc
_2rdacarrier
040 _aCO-BoRNBP
_bspa
_erda
_cCO-BoRNBP
999 _c1838
_d1838